Οι νέες συνθήκες ασφάλισης, συνταξιοδότησης & εργασίας συνταξιούχων για το δημόσιο υπό το πρίσμα του ασφαλιστικού νόμου 2020

Αποθηκεύτηκε σε:
Λεπτομέρειες βιβλιογραφικής εγγραφής
Κύριος συγγραφέας: Κουμαριανός, Βαγγέλης
Άλλοι συγγραφείς: Συμεωνίδης, Γιώργος
Μορφή: Βιβλίο
Γλώσσα:Greek
Δημοσίευση: Αθήνα : ΑΔΕΔΥ-Κοινωνικό Πολύκεντρο, c2020.
Θέματα:
Ετικέτες: Προσθήκη ετικέτας
Δεν υπάρχουν, Καταχωρήστε ετικέτα πρώτοι!

MARC

LEADER 00000nam a2200000 a 4500
001 1/125500
008 221017s2020####gr d ||| |||| ||gre||
020 |a 9786188150690  
040 |a GR-MyUa  |b gre  |c GR-MyUa  |e AACR2 
041 0 |a gre 
082 7 |a 362.9495   |2 (23) 
100 1 |a Κουμαριανός, Βαγγέλης. 
245 1 3 |a Οι νέες συνθήκες ασφάλισης, συνταξιοδότησης & εργασίας συνταξιούχων για το δημόσιο υπό το πρίσμα του ασφαλιστικού νόμου 2020 /   |c Ευάγγελος Κουμαριανός, Γεώργιος Συμεωνίδης.  
260 |a Αθήνα :   |b ΑΔΕΔΥ-Κοινωνικό Πολύκεντρο,   |c c2020.  
300 |a 112 σ. :   |b πιν.,   |c 24 εκ.  
504 |a Βιβλιογραφία: σ. 110-112.  
650 0 |a Social security  |z Greece. 
650 0 |a Retirement  |z Greece 
651 0 |a Greece  |x Officials and employees. 
700 1 |a Συμεωνίδης, Γιώργος. 
852 |a INST  |b LESVOS  |e 20221017  |h 362.9495 ΚΟΥ  |p 005100064122  |q 005100064122  |t BK  |y 0 
970 |a Καμάτσου  |b Δέσποινα  |z 17-10-2022